Statistiques concernant Pays ayant une population supérieure à 100 Millions

Cliquez ici pour prendre le quiz!

Statistiques générales

  • Ce quiz a été pris 144 fois
  • Le résultat moyen est 10 sur 14

Statistiques - réponses

HintRéponse% Correct
1400MChine
99%
1400MInde
99%
300MÉtats-unis
95%
200MBrésil
87%
100MRussie
85%
100MJapon
80%
100MMexique
76%
200MIndonésie
74%
200MPakistan
68%
200MNigeria
67%
100MBangladesh
58%
100MÉgypte
54%
100MÉthiopie
42%
100MPhilippines
38%

Distribution des résultats

Percentile par nombre de réponses

% des personnes avec chaque résultat

Votre développement - résultats

Vous n’avez pas pris ce quiz